Reviewing rents: hypothesis, reality and commercial purpose (Record no. 34173)

MARC details
000 -LEADER
fixed length control field 01642cab a2200361 4500
001 - CONTROL NUMBER
control field ABS45924
008 - FIXED-LENGTH DATA ELEMENTS--GENERAL INFORMATION
fixed length control field 090401t xxu||||| |||| 00| 0 eng d
035 ## - SYSTEM CONTROL NUMBER
System control number (Sirsi) u55922
041 ## - LANGUAGE CODE
Language code of text/sound track or separate title eng
100 ## - MAIN ENTRY--PERSONAL NAME
Personal name McLoughlin, P.
245 ## - TITLE STATEMENT
Title Reviewing rents: hypothesis, reality and commercial purpose
260 ## - PUBLICATION, DISTRIBUTION, ETC.
Date of publication, distribution, etc. 12(2) Winter 1991/92, 115-122(8)
350 ## - PRICE (NR) (BK AM CF MU VM SE) [OBSOLETE]
Price 0
490 ## - SERIES STATEMENT
Series statement Rent Review & Lease Renewal
Volume/sequential designation 12(2) Winter 1991/92, 115-122(8)
520 ## - SUMMARY, ETC.
Summary, etc. With reference to case law, this article examines the purpose of rent reviews, discussing hypothesis v presumption of reality, disregards as to rent and the length of term of the hypothetical lease.
650 ## - SUBJECT ADDED ENTRY--TOPICAL TERM
Topical term or geographic name entry element BASINGSTOKE AND DEANE BC V HOST GROUP LTD
650 ## - SUBJECT ADDED ENTRY--TOPICAL TERM
Topical term or geographic name entry element BRITISH GAS CORPORATION V UNIVERSITIES SUPERANNUATION SCHEME
650 ## - SUBJECT ADDED ENTRY--TOPICAL TERM
Topical term or geographic name entry element EQUITY AND LAW LIFE ASSURANCE SOCIETY PLC V BODFIELD LTD
650 ## - SUBJECT ADDED ENTRY--TOPICAL TERM
Topical term or geographic name entry element LYNNTHORPE ENTERPRISES LTD V SIDNEY SMITH (CHELSEA) LTD
650 ## - SUBJECT ADDED ENTRY--TOPICAL TERM
Topical term or geographic name entry element NATIONAL WESTMINSTER BANK PLC V ARTHUR YOUNG MCLELLAND MOORES AND CO
650 ## - SUBJECT ADDED ENTRY--TOPICAL TERM
Topical term or geographic name entry element NORWICH UNION LIFE INSURANCE SOCIETY V TRUSTEE SAVINGS BANKS CENTRAL BOARD
650 ## - SUBJECT ADDED ENTRY--TOPICAL TERM
Topical term or geographic name entry element PEARL ASSURANCE PLC V SHAW
650 ## - SUBJECT ADDED ENTRY--TOPICAL TERM
Topical term or geographic name entry element PUGH V SMITHS INDUSTRIES LTD
650 ## - SUBJECT ADDED ENTRY--TOPICAL TERM
Topical term or geographic name entry element RENT REVIEWS
650 ## - SUBJECT ADDED ENTRY--TOPICAL TERM
Topical term or geographic name entry element RITZ HOTEL (LONDON) LTD V RITZ CASINO LTD
650 ## - SUBJECT ADDED ENTRY--TOPICAL TERM
Topical term or geographic name entry element SI PENSION TRUSTEES LTD V MINISTERIO DE MARINA DE LA REPUBLICA PERUANA
650 ## - SUBJECT ADDED ENTRY--TOPICAL TERM
Topical term or geographic name entry element TEA TRADE PROPERTIES LTD V CIN PROPERTIES LTD
650 ## - SUBJECT ADDED ENTRY--TOPICAL TERM
Topical term or geographic name entry element LAW LAND CO LTD V CONSUMERS ASSOCIATION LTD
650 ## - SUBJECT ADDED ENTRY--TOPICAL TERM
Topical term or geographic name entry element TOMLINSON (VO) V PLYMOUTH ARGYLE FOOTBALL CO LTD
690 ## - LOCAL SUBJECT ADDED ENTRY--TOPICAL TERM (OCLC, RLIN)
Topical term or geographic name as entry element LANDLORD AND TENANT-RENT REVIEWS
942 ## - ADDED ENTRY ELEMENTS (KOHA)
Suppress in OPAC 0
948 ## - LOCAL PROCESSING INFORMATION (OCLC); SERIES PART DESIGNATOR (RLIN)
c (OCLC) 04/03/1997
Holdings
Withdrawn status Lost status Source of classification or shelving scheme Damaged status Not for loan Home library Current library Shelving location Date acquired Total Checkouts Full call number Barcode Date last seen Copy number Price effective from Koha item type
    Dewey Decimal Classification     London London Journal article 14/09/1999   ABS45924 55922-1001 06/08/2019 1 06/08/2019 Journal article